Manual de Banca, Finanzas y Seguros/ (Registro nro. 9735)
[ vista simple ]
| 000 -LEADER | |
|---|---|
| fixed length control field | 02869nam a2200217Ia 4500 |
| 005 - FECHA Y HORA DE LA ÚLTIMA TRANSACCIÓN | |
| control field | 20231012162203.0 |
| 008 - FIXED-LENGTH DATA ELEMENTS--GENERAL INFORMATION | |
| fixed length control field | 231011s9999 xx 000 0 und d |
| 020 ## - INTERNATIONAL STANDARD BOOK NUMBER | |
| International Standard Book Number | 84-808-8598-X |
| 040 ## - CATALOGING SOURCE | |
| Original cataloging agency | UPAN |
| Transcribing agency | Biblioteca San Vicente |
| Description conventions | RCAA2 |
| 041 ## - LANGUAGE CODE | |
| Language code of text/sound track or separate title | spa |
| 082 ## - DEWEY DECIMAL CLASSIFICATION NUMBER | |
| Classification number | 332.1 |
| Item number | B378m |
| año de publicación | 2004 |
| 100 ## - MAIN ENTRY--PERSONAL NAME | |
| Personal name | Barquero Cabrero, José Daniel |
| Relator code | coord. |
| 245 #0 - TITLE STATEMENT | |
| Title | Manual de Banca, Finanzas y Seguros/ |
| Statement of responsibility, etc | José Daniel Barquero Cabrero, Ferran Josep Huertas Colomina |
| 250 ## - EDITION STATEMENT | |
| Edition statement | 3º ed. |
| 260 ## - PUBLICATION, DISTRIBUTION, ETC. (IMPRINT) | |
| Place of publication, distribution, etc | Barcelona: |
| Name of publisher, distributor, etc | Gestión 2000, |
| Date of publication, distribution, etc | 2004 |
| 300 ## - PHYSICAL DESCRIPTION | |
| Extent | 518 p.; |
| Dimensions | 26 cm. |
| 505 ## - FORMATTED CONTENTS NOTE | |
| Formatted contents note | 1. El sistema financiero español, 2. El marketing en la banca, una descripciòn simplificada, 3. Prèstamos al consumo e hipotecario, 4. Nuevas formas de pago: el monedeor electrònico y las tarjetas por ESERP, 5. Alta direcciòn de entidades financieras. La gestiòn integral de activos y pasivos, un enfoque empìrico, 6. La gestiòn de tesorerìa hoy y perspectivas futuras, 7. La tesoreria en las entidades aseguradoras, 8. El sector bancario europeo: panorama y tendencias, 9. Operativa de extranejero, 10. Instrumentos de apoyo oficial a la exportaciòn, 11. El mercado español de renta fija privada, 12. Activos y mercados de renta fija: valoraciòn y volatilidad del mercado, 13.El mercado español de renta fija privada, 14. Activos y mercados re renta fija valoraciòn y volatibilidad del mercado de bonos, 15. Cartera de tipos equivalentes por plazos, 16. La gestiòn de patrimonios por grupo FIBANC, 17. Tratamiento fiscal de algunos productos financieros por grupo PLM, 18. Opciones y futuros, 19. El control de los riesgos de mercado por medio de los productos derivados por Adepa, 20. El mercado bursàtil, 21. El anàlisis fundamental: aplicaciòn en el mercado bursàtil, 22. El anàlisis gràfico, 23. Fondos de inversiòn y otras instituciones de inversiòn colectiva, 24. El sector asegurador. Su integraciòn al espacio econòmico europeo, 25. Estructura del sector asegurador por Viatalicio Seguros, 26. Pricing No Vida , 27. Comunicaciòn interna, 28. Las finanzas vistas por la Haevard Bussiness School, 29. Financiaciòn de un negocio de nueva creaciòn, 30. Apoyar a la empresa en la globalizaciòn econòmica, 31. Las pequeñas y medianas empresas ante la globalizaciòn, 32. La moneda ùnica: el Euro, 33.Relaciones pùblicas empresariales y financieras. realidad de alta direcciòn y factor de èxito, 34. Gestiòn especializada de las Relaciones Pùblicas empresariales aplicadas a una emisiòn bursàtil por ESERP, 35. Los nuevos horizonates de la banca en internet por BANKINTER, 36. Fòrmulas de financiaciòn: Leasing, crèdito y renting (aspectos fiscales y contables) por BANKINTER, 37. Aspectos financieros fiscales y contables del renting por BANKINTER |
| 650 ## - SUBJECT ADDED ENTRY--TOPICAL TERM | |
| Source of heading or term | LEMB |
| Form subdivision | Manual |
| General subdivision | Bancos |
| 700 ## - ADDED ENTRY--PERSONAL NAME | |
| Personal name | Huertas Colomina Ferran Josep |
| 942 ## - ADDED ENTRY ELEMENTS (KOHA) | |
| Koha item type | Libros |
| Source of classification or shelving scheme | Dewey Decimal Classification |
| Withdrawn status | Lost status | Source of classification or shelving scheme | Damaged status | Not for loan | Collection code | Home library | Current library | Date acquired | Total Checkouts | Full call number | Barcode | Date last seen | Copy number | Price effective from | Koha item type |
|---|---|---|---|---|---|---|---|---|---|---|---|---|---|---|---|
| Dewey Decimal Classification | Referencia | Biblioteca UPAN San Vicente | Biblioteca UPAN San Vicente | 12/10/2023 | 332.1 B378m | 12003024 | 12/10/2023 | 01 | 12/10/2023 | Libros | |||||
| Dewey Decimal Classification | Referencia | Biblioteca UPAN San Vicente | Biblioteca UPAN San Vicente | 12/10/2023 | 332.1 B378m | 12003023 | 12/10/2023 | 02 | 12/10/2023 | Libros | |||||
| Dewey Decimal Classification | Referencia | Biblioteca UPAN San Vicente | Biblioteca UPAN San Vicente | 12/10/2023 | 332.1 B378m | 12003022 | 12/10/2023 | 03 | 12/10/2023 | Libros | |||||
| Dewey Decimal Classification | Referencia | Biblioteca UPAN San Vicente | Biblioteca UPAN San Vicente | 12/10/2023 | 332.1 B378m | 12002028 | 12/10/2023 | 04 | 12/10/2023 | Libros |